| 000 | 00356nam a22001217a 4500 | ||
|---|---|---|---|
| 082 |
_a981.4381 _bNAJ _cD |
||
| 100 |
_aNajam nawaz Khan, Lt Col _946935 |
||
| 245 |
_aروداد دل _cNajam nawaz Khan, Lt Col |
||
| 260 |
_apakistan _bNajiha publisher _c2005 |
||
| 300 |
_a187 p. _bill. _c24 cm |
||
| 526 |
_a0 _b0 _c0 _d981_438100000000000_NAJ |
||
| 942 |
_2ddc _cBK |
||
| 999 |
_c550222 _d550222 |
||